<?xml version="1.0" encoding="UTF-8"?>
<record
    xmlns:xsi="http://www.w3.org/2001/XMLSchema-instance"
    xsi:schemaLocation="http://www.loc.gov/MARC21/slim http://www.loc.gov/standards/marcxml/schema/MARC21slim.xsd"
    xmlns="http://www.loc.gov/MARC21/slim">

  <leader>00538nac a22001451u 4500</leader>
  <controlfield tag="008">080827s        ua|||||r|||| 000 0 ara d</controlfield>
  <datafield tag="020" ind1=" " ind2=" ">
    <subfield code="a">9775030536 </subfield>
  </datafield>
  <datafield tag="082" ind1=" " ind2=" ">
    <subfield code="a">147</subfield>
    <subfield code="b">&#x639; &#x62F; &#x648;</subfield>
  </datafield>
  <datafield tag="245" ind1=" " ind2=" ">
    <subfield code="a">&#x628;&#x62D;&#x648;&#x62B; &#x641;&#x649; &#x627;&#x644;&#x645;&#x639;&#x631;&#x641;&#x629; &#x627;&#x644;&#x631;&#x648;&#x62D;&#x64A;&#x629;:</subfield>
    <subfield code="b">&#x643;&#x648;&#x643;&#x628; &#x627;&#x644;&#x627;&#x631;&#x636; &#x648;&#x628;&#x634;&#x631;&#x64A;&#x62A;&#x647; &#x641;&#x649; &#x627;&#x644;&#x627;&#x644;&#x641;&#x64A;&#x629; &#x627;&#x644;&#x62B;&#x627;&#x644;&#x62B;&#x629;/</subfield>
    <subfield code="c">&#x645;&#x62D;&#x645;&#x62F; &#x635;&#x627;&#x62F;&#x642; &#x627;&#x644;&#x639;&#x62F;&#x648;&#x64A;</subfield>
  </datafield>
  <datafield tag="260" ind1=" " ind2=" ">
    <subfield code="a">[&#x627;&#x644;&#x642;&#x627;&#x647;&#x631;&#x629; ] :</subfield>
    <subfield code="b">[&#x62F;.&#x646;]&#x60C;</subfield>
    <subfield code="c">2003.</subfield>
  </datafield>
  <datafield tag="300" ind1=" " ind2=" ">
    <subfield code="a">143&#x635;&#x61B;</subfield>
    <subfield code="c">24 &#x633;&#x645;</subfield>
  </datafield>
  <datafield tag="504" ind1=" " ind2=" ">
    <subfield code="a">&#x628;&#x628;&#x644;&#x64A;&#x648;&#x62C;&#x631;&#x627;&#x641;&#x64A;&#x629;: &#x635;141-143</subfield>
  </datafield>
  <datafield tag="511" ind1=" " ind2=" ">
    <subfield code="a">Catalogued by: Sara</subfield>
  </datafield>
  <datafield tag="942" ind1=" " ind2=" ">
    <subfield code="c">BB</subfield>
    <subfield code="k">147&#x639; &#x62F; &#x648;</subfield>
    <subfield code="2">ddc</subfield>
  </datafield>
  <datafield tag="999" ind1=" " ind2=" ">
    <subfield code="c">6654</subfield>
    <subfield code="d">6654</subfield>
  </datafield>
  <datafield tag="952" ind1=" " ind2=" ">
    <subfield code="0">0</subfield>
    <subfield code="1">0</subfield>
    <subfield code="2">ddc</subfield>
    <subfield code="4">0</subfield>
    <subfield code="7">0</subfield>
    <subfield code="8"> </subfield>
    <subfield code="a">MAIN</subfield>
    <subfield code="b">MAIN</subfield>
    <subfield code="c">LOW</subfield>
    <subfield code="d">2007-11-28</subfield>
    <subfield code="e">purchase</subfield>
    <subfield code="o">147 &#x639; &#x62F; &#x648;</subfield>
    <subfield code="p">000008122</subfield>
    <subfield code="r">2025-07-15 00:00:00</subfield>
    <subfield code="s">2022-07-31</subfield>
    <subfield code="y">BB</subfield>
  </datafield>
  <datafield tag="952" ind1=" " ind2=" ">
    <subfield code="0">0</subfield>
    <subfield code="1">0</subfield>
    <subfield code="2">ddc</subfield>
    <subfield code="4">0</subfield>
    <subfield code="7">0</subfield>
    <subfield code="8"> </subfield>
    <subfield code="a">MAIN</subfield>
    <subfield code="b">MAIN</subfield>
    <subfield code="c">LOW</subfield>
    <subfield code="d">2007-11-28</subfield>
    <subfield code="e">purchase</subfield>
    <subfield code="o">147 &#x639; &#x62F; &#x648;</subfield>
    <subfield code="p">000008123</subfield>
    <subfield code="r">2025-07-15 00:00:00</subfield>
    <subfield code="y">BB</subfield>
  </datafield>
  <datafield tag="952" ind1=" " ind2=" ">
    <subfield code="0">0</subfield>
    <subfield code="1">0</subfield>
    <subfield code="2">ddc</subfield>
    <subfield code="4">0</subfield>
    <subfield code="7">0</subfield>
    <subfield code="8"> </subfield>
    <subfield code="a">MAIN</subfield>
    <subfield code="b">MAIN</subfield>
    <subfield code="c">LOW</subfield>
    <subfield code="d">2011-03-07</subfield>
    <subfield code="e">purchase</subfield>
    <subfield code="o">147 &#x639; &#x62F; &#x648;</subfield>
    <subfield code="p">000008121</subfield>
    <subfield code="r">2025-07-15 00:00:00</subfield>
    <subfield code="y">BB</subfield>
  </datafield>
</record>
